Procurement trends (Record no. 118309)

MARC details
000 -LEADER
fixed length control field 01489cam a2200241 4500
001 - CONTROL NUMBER
control field ABS68408
008 - FIXED-LENGTH DATA ELEMENTS--GENERAL INFORMATION
fixed length control field 041116n2004 000 0 eng u
035 ## - SYSTEM CONTROL NUMBER
System control number (Sirsi) u127993
100 ## - MAIN ENTRY--PERSONAL NAME
Personal name Kennard, M.
245 ## - TITLE STATEMENT
Title Procurement trends
260 ## - PUBLICATION, DISTRIBUTION, ETC.
Date of publication, distribution, etc. 2004
490 ## - SERIES STATEMENT
Series statement Civil Engineering Surveyor
Volume/sequential designation October 2004, 18-19(2)
520 ## - SUMMARY, ETC.
Summary, etc. Presents the results of a survey of 800 UK ICES commercial management specialist members. The procurement section of the survey sought to identify the business activities of members and the procurement forms they deal with on a daily basis. It also sought to assess the popularity of the standard methods of measurement. The findings are illustrated in tables headed: the manner by which workload was tied to procurement methods; a guide to the split between standard and bespoke forms by sector; the various formats identified in the survey and their percentage of use by the contributors; and the data correlated with the usage of standard and bespoke contracts. Concludes that traditional contracts utilising tried methods of measurement are still dominant, but practitioners should keep up with the increasingly diverse field of contracting arrangements.
590 ## - LOCAL NOTE (RLIN)
Local note ABS
590 ## - LOCAL NOTE (RLIN)
Local note ABS
650 ## - SUBJECT ADDED ENTRY--TOPICAL TERM
Topical term or geographic name entry element MEASUREMENT METHODS
650 ## - SUBJECT ADDED ENTRY--TOPICAL TERM
Topical term or geographic name entry element SURVEYS
650 ## - SUBJECT ADDED ENTRY--TOPICAL TERM
Topical term or geographic name entry element PROCUREMENT METHODS
650 ## - SUBJECT ADDED ENTRY--TOPICAL TERM
Topical term or geographic name entry element CONTRACT DOCUMENTATION
690 ## - LOCAL SUBJECT ADDED ENTRY--TOPICAL TERM (OCLC, RLIN)
Topical term or geographic name as entry element BUILDING AND CONSTRUCTION-PROCUREMENT, PARTNERING, TENDERING
700 ## - ADDED ENTRY--PERSONAL NAME
Personal name Sinclair, R.
942 ## - ADDED ENTRY ELEMENTS (KOHA)
Suppress in OPAC 0
Holdings
Withdrawn status Lost status Source of classification or shelving scheme Damaged status Not for loan Home library Current library Shelving location Date acquired Total Checkouts Full call number Barcode Date last seen Copy number Price effective from Koha item type
    Dewey Decimal Classification     London London Journal article 16/11/2004   ABS68408 127993-1001 06/08/2019 1 06/08/2019 Journal article